El derecho a la comunicación: un análisis jurídico-periodístico

Gespeichert in:
Bibliographische Detailangaben
1. Verfasser: Ortega Gutiérrez, David (VerfasserIn)
Format: Buch
Sprache:Spanisch
Veröffentlicht: Madrid Ramón Areces 2017
Ausgabe:3a. ed
Schlagworte:
Tags: Tag hinzufügen
Keine Tags, Fügen Sie den ersten Tag hinzu!

MARC

LEADER 00000cam a2200000 a 4500
001 UCC9072
003 CL-VaPUC
008 190904e20170000sp |||||||||||||||||spa|d
020 |a 9788499612546 
082 0 4 |a 302.23  |b ORT  |2 21 
100 0 |a Ortega Gutiérrez, David  |e author  |9 603871 
245 1 3 |a El derecho a la comunicación: un análisis jurídico-periodístico 
250 |a 3a. ed 
300 |a 447 p 
942 |c BK 
945 |d 20190904 15:40:00  |a dcastane 
260 |a Madrid  |b Ramón Areces  |c 2017 
650 0 |a Medios de comunicación  |9 257206 
650 0 |a Derecho a la información   |9 256185 
583 |a last modification  |c 20190904 15:40:00  |k Rodrigo Vera 
999 |c 375266  |d 375264 
952 |0 0  |1 0  |3 erb  |4 0  |6 302_230000000000000_ORT_2017  |7 0  |8 WP_COW  |9 561213  |a BIBDER  |b BIBDER  |e Fundación W and P Cowley  |i 5598273  |o 302.23 ORT 2017  |p 5598273  |r 2023-01-25  |w 2020-03-12  |y BK  |z Catalogado en:20190904  |k WPC